00407pab a2200133 454500008004000000100002600040245009500066260000900161300001500170362001200185650002200197700002100219773003300240180718b2012 xxu||||| |||| 00| 0 eng d aMaynard-Moody, Steven aSocial equities and inequities in practice: Street level workers as agents and pragmalists c2012 ap.S16-S23. aNov-Dec aSocial inequality aMusheno, Michael aPublic Administration Review